Cryptography and Network Security (Record no. 7425)

MARC details
000 -LEADER
fixed length control field 00311nam a2200133Ia 4500
008 - FIXED-LENGTH DATA ELEMENTS--GENERAL INFORMATION
fixed length control field 191201s2011 xx 000 0 und d
100 ## - MAIN ENTRY--PERSONAL NAME
Personal name KAHATE, Atul
245 #0 - TITLE STATEMENT
Title Cryptography and Network Security
250 ## - EDITION STATEMENT
Edition statement 12 Rep
260 ## - PUBLICATION, DISTRIBUTION, ETC. (IMPRINT)
Date of publication, distribution, etc 2011
Name of publisher, distributor, etc MGH
Place of publication, distribution, etc N. delhi
300 ## - PHYSICAL DESCRIPTION
Extent 541
650 ## - SUBJECT ADDED ENTRY--TOPICAL TERM
Topical term or geographic name as entry element CSE
942 ## - ADDED ENTRY ELEMENTS (KOHA)
Source of classification or shelving scheme Dewey Decimal Classification
Koha item type Book Bank
942 ## - ADDED ENTRY ELEMENTS (KOHA)
-- 2
Holdings
Withdrawn status Lost status Source of classification or shelving scheme Damaged status Not for loan Collection code Home library Current library Date acquired Source of acquisition Cost, normal purchase price Bill Number Total Checkouts Acc. no. / Barcode Date last seen Date last borrowed Bill Date Koha item type
    Dewey Decimal Classification     B.Tech(CSE) PIET C-LIBRARY PIET C-LIBRARY 18/03/2011 The book company 365.00 7224 rs 266 1 BB6405 03/10/2020 25/02/2020 18/03/2011 Book Bank
    Dewey Decimal Classification     B.Tech(CSE) PIET C-LIBRARY PIET C-LIBRARY 18/03/2011 The book company 365.00 7224 rs 266   BB6406 04/12/2019   18/03/2011 Book Bank
    Dewey Decimal Classification     B.Tech(CSE) PIET C-LIBRARY PIET C-LIBRARY 18/03/2011 The book company 365.00 7224 rs 266 1 BB6407 21/09/2020 25/02/2020 18/03/2011 Book Bank
    Dewey Decimal Classification     B.Tech(CSE) PIET C-LIBRARY PIET C-LIBRARY 18/03/2011 The book company 365.00 7224 rs 266   BB6408 04/12/2019   18/03/2011 Book Bank

Design & Developed by: PIET Central Library
R70 Miles Stone Pattikalyana Samalkha Panipat 132102
mail ID :- [email protected], Phone No:- 0180-2569700 Ex.216